| 000 | 00342 a2200133 4500 | ||
|---|---|---|---|
| 003 | Nust | ||
| 005 | 20170207171851.0 | ||
| 040 | _cNust | ||
| 082 | _a799 | ||
| 245 |
_a94- Visit New FOQs, Photographs-2016 _cMCS |
||
| 260 |
_aRawalpindi _bMCS _c12-05-2016 |
||
| 650 | _a94- Visit New FOQs, Photographs-2016 DVD No 26 (Vol-VI) | ||
| 651 | _aSweet Memories-MCS | ||
| 942 | _cBK | ||
| 999 |
_c219264 _d219264 |
||